The adventures of captain underpants / (Record no. 3765)
[ view plain ]
| 000 -LEADER | |
|---|---|
| fixed length control field | 00877nam a22002657a 4500 |
| 001 - CONTROL NUMBER | |
| control field | 3765 |
| 003 - CONTROL NUMBER IDENTIFIER | |
| control field | FISKH |
| 005 - DATE AND TIME OF LATEST TRANSACTION | |
| control field | 20260325124904.0 |
| 008 - FIXED-LENGTH DATA ELEMENTS--GENERAL INFORMATION | |
| fixed length control field | 240506b cb ||||| |||| 00| 0 eng d |
| 020 ## - INTERNATIONAL STANDARD BOOK NUMBER | |
| International Standard Book Number | 9780439014571 |
| 040 ## - CATALOGING SOURCE | |
| Original cataloging agency | FISK |
| Language of cataloging | eng |
| Transcribing agency | FISK |
| Modifying agency | FISK |
| 050 ## - LIBRARY OF CONGRESS CALL NUMBER | |
| Classification number | PZ7.P63123 |
| 082 ## - DEWEY DECIMAL CLASSIFICATION NUMBER | |
| Classification number | 813.54 |
| 100 ## - MAIN ENTRY--PERSONAL NAME | |
| Personal name | Pilkey Dav |
| Dates associated with a name | 1966- |
| 245 ## - TITLE STATEMENT | |
| Title | The adventures of captain underpants / |
| Statement of responsibility, etc. | Dav Pilkey |
| 260 ## - PUBLICATION, DISTRIBUTION, ETC. | |
| Place of publication, distribution, etc. | New York : |
| Name of publisher, distributor, etc. | Scholastic, |
| Date of publication, distribution, etc. | 2008 |
| 300 ## - PHYSICAL DESCRIPTION | |
| Extent | 198 pages : |
| Dimensions | 20 cm |
| 490 ## - SERIES STATEMENT | |
| Series statement | Captain Underpants : |
| Volume/sequential designation | #1 |
| 505 ## - FORMATTED CONTENTS NOTE | |
| Formatted contents note | M |
| 520 ## - SUMMARY, ETC. | |
| Summary, etc. | When George and Harold hypnotize their principal into thinking that he is the superhero Captain Underpants, he leads them to the lair of the nefarious Dr. Diaper, where they must defeat his evil robot henchmen. |
| 521 8# - TARGET AUDIENCE NOTE | |
| Target audience note | 720 |
| Source | Lexiles, |
| 700 ## - ADDED ENTRY--PERSONAL NAME | |
| Personal name | Dav Pilkey |
| 942 ## - ADDED ENTRY ELEMENTS (KOHA) | |
| Source of classification or shelving scheme | Library of Congress Classification |
| Koha item type | Books |
| Suppress in OPAC | No |
| Withdrawn status | Lost status | Source of classification or shelving scheme | Damaged status | Not for loan | Collection | Home library | Current library | Shelving location | Date acquired | Total Checkouts | Full call number | Barcode | Date last seen | Date last checked out | Copy number | Price effective from | Koha item type | Date due |
|---|---|---|---|---|---|---|---|---|---|---|---|---|---|---|---|---|---|---|
| Library of Congress Classification | Juvenile Fiction | Footprints International School Library Network Toul Tom Poung Campus | Footprints International School Library Network Toul Kork Campus | TTP Primary Orange Bookshelves | 05/06/2024 | 3 | PILPZ7.P63123 813.54 | 2024-0555 | 01/21/2026 | 12/10/2025 | 1 | 05/06/2024 | Books | |||||
| Library of Congress Classification | Juvenile Fiction | Footprints International School Library Network Toul Tom Poung Campus | Footprints International School Library Network Toul Tom Poung Campus | TTP Primary Orange Bookshelves | 07/23/2025 | 2 | PILPZ7.P63123 813.54 | 2025-2794 | 11/28/2025 | 11/28/2025 | 2 | 07/23/2025 | Books | 12/12/2025 | ||||
| Withdrawn | Library of Congress Classification | Damaged | Juvenile Fiction | Footprints International School Library Network Toul Tom Poung Campus | Footprints International School Library Network Toul Tom Poung Campus | TTP Primary Orange Bookshelves | 11/26/2025 | 1 | PILPZ7.P63123 813.54 | FIS00655 | 03/25/2026 | 03/11/2026 | 3 | 11/26/2025 | Books |
